| 000 | 00783nam a2200229 a 4500 | ||
|---|---|---|---|
| 999 |
_c2158 _d2158 |
||
| 001 | 2158 | ||
| 003 | BD-JhCC | ||
| 005 | 20171102165257.0 | ||
| 008 | 171030s2009 bg |||| |||| 001 0 ben d | ||
| 020 | _a9847011600871 | ||
| 035 | _a(BD-JhCC)2158 | ||
| 040 |
_aBD-JhCC _dBD-JhCC |
||
| 041 | _aben | ||
| 082 |
_a891.442 _bZAI 2009 |
||
| 100 | _aজয়নুদ্দীন, মোহাম্মদ | ||
| 245 |
_aমুনীর চৌধুরীর সাহিত্যকর্ম / _c মোহাম্মদ জয়নুদ্দীন |
||
| 260 |
_aঢাকা : _bঅন্বেষা প্রকাশন, _c২০০৯. |
||
| 300 |
_a৩২৭ পৃ. : _c২১ সেমি. |
||
| 650 | _aCollection of Literatury work | ||
| 942 |
_2ddc _cBK |
||